New competent person scheme (Record no. 77876)

MARC details
000 -LEADER
fixed length control field 01244cab a2200229 4500
001 - CONTROL NUMBER
control field ##L135359
008 - FIXED-LENGTH DATA ELEMENTS--GENERAL INFORMATION
fixed length control field 061018n2006 000 0 eng u
035 ## - SYSTEM CONTROL NUMBER
System control number (Sirsi) u135359
041 #0 - LANGUAGE CODE
Language code of text/sound track or separate title eng
110 2# - MAIN ENTRY--CORPORATE NAME
Corporate name or jurisdiction name as entry element Building Research Establishment
245 00 - TITLE STATEMENT
Title New competent person scheme
260 ## - PUBLICATION, DISTRIBUTION, ETC.
Date of publication, distribution, etc. 2006
490 #0 - SERIES STATEMENT
Series statement BRE News Release
Volume/sequential designation 11 October 2006
520 ## - SUMMARY, ETC.
Summary, etc. BRE Certification recently obtained a licence from DCLG to operate a Competent Person Scheme, to help practitioners comply with the 2006 revisions to Part L of the Building Regulations. Under the scheme, individuals can gain certification for their ability to use the appropriate calculation tools to calculate carbon dioxide emission rates for buildings. The scheme is currently limited to the interface for the Simplified Building Energy Model for non-domestic buildings.
590 ## - LOCAL NOTE (RLIN)
Local note IKA311006, KA
650 24 - SUBJECT ADDED ENTRY--TOPICAL TERM
Topical term or geographic name entry element BUILDING REGULATIONS 2000 APPROVED DOCUMENT L2B (2006 EDITION)
650 24 - SUBJECT ADDED ENTRY--TOPICAL TERM
Topical term or geographic name entry element BUILDING REGULATIONS 2000 APPROVED DOCUMENT L2A (2006 EDITION)
651 #4 - SUBJECT ADDED ENTRY--GEOGRAPHIC NAME
Geographic name England and Wales
Chronological subdivision 1543-
690 ## - LOCAL SUBJECT ADDED ENTRY--TOPICAL TERM (OCLC, RLIN)
Topical term or geographic name as entry element Building regulations
9 (RLIN) 6224
856 40 - ELECTRONIC LOCATION AND ACCESS
Uniform Resource Identifier <a href="https://www.bre.co.uk/newsdetails.jsp?id=415">https://www.bre.co.uk/newsdetails.jsp?id=415</a>
Public note View the news release free of charge at www.bre.co.uk...
942 ## - ADDED ENTRY ELEMENTS (KOHA)
Suppress in OPAC 0
Holdings
Withdrawn status Lost status Source of classification or shelving scheme Damaged status Not for loan Home library Current library Shelving location Date acquired Total Checkouts Full call number Barcode Date last seen Copy number Price effective from Koha item type
    Dewey Decimal Classification     Virtual Virtual Online 18/10/2006   L135359 135359-2001 06/08/2019 1 06/08/2019 Journal article